| 000 | 01085cam a22002771 4500 | ||
|---|---|---|---|
| 001 | gs 37000024 | ||
| 003 | DLC | ||
| 005 | 20260227111341.0 | ||
| 008 | 860409s1935 txuab 000 0 eng c | ||
| 010 | _ags 37000024 | ||
| 035 | _a(OCoLC)13413275 | ||
| 040 |
_aU.S. Geol. survey. Library _cTxDaM _dTxDaM _dOCoLC _dDLC |
||
| 042 | _apremarc | ||
| 050 | 0 | 0 |
_aGB1025.T4 _bW5 |
| 100 | 1 |
_aWhite, Walter N. _q(Walter Noy) |
|
| 245 | 0 | 0 |
_aSummary report on the survey of the underground waters of Texas, _cby Walter N. White ... |
| 260 |
_a[Austin? Tex.] _c1935. |
||
| 300 |
_a28 numb. l., _bincl. tab., 2 maps. _c28 cm. |
||
| 500 | _a"Texas State Board of Water Engineers and Engineering Experiment Station of Agricultural and Mechanical College of Texas, in cooperation with the United States Geological survey." | ||
| 500 | _aMimeographed. | ||
| 650 | 0 |
_aGroundwater _zTexas. |
|
| 650 | 0 |
_aWater-supply _zTexas. |
|
| 710 | 2 | _aTexas Water Commission. | |
| 710 | 2 |
_aAgricultural and Mechanical College of Texas. _bEngineering experiment station. |
|
| 710 | 2 | _aGeological Survey (U.S.) | |
| 999 |
_c27323 _d27323 |
||